Văn hóa nghệ thuật

Gespeichert in:
Bibliographische Detailangaben
Format: Buch
Sprache:Undetermined
Veröffentlicht: Hà Nội Cơ quan Ngôn luận của Bộ Văn hóa, Thể thao và Du lich 2020
Schlagworte:
Tags: Tag hinzufügen
Keine Tags, Fügen Sie den ersten Tag hinzu!
Thư viện lưu trữ: Trung tâm Học liệu Trường Đại học Cần Thơ
LEADER 00601nam a2200169Ia 4500
001 CTU_238667
008 210402s9999 xx 000 0 und d
082 |a 305 
082 |b V115 
245 0 |a Văn hóa nghệ thuật 
245 0 |c Cơ quan Ngôn luận của Bộ Văn hóa, Thể thao và Du lich 
260 |a Hà Nội 
260 |b Cơ quan Ngôn luận của Bộ Văn hóa, Thể thao và Du lich 
260 |c 2020 
650 |a Văn hóa nghệ thuật,Culture and arts 
904 |i T.Trang 
980 |a Trung tâm Học liệu Trường Đại học Cần Thơ